UBT Library

LINUX+ (Record no. 22098)

000 -LEADER
fixed length control field 00274nam a22001337a 4500
008 - FIXED-LENGTH DATA ELEMENTS--GENERAL INFORMATION
fixed length control field 170728b xxu||||| |||| 00| 0 eng d
020 ## - INTERNATIONAL STANDARD BOOK NUMBER
International Standard Book Number 9780071546713
041 ## - LANGUAGE CODE
Language code of text/sound track or separate title eng
080 ## - UNIVERSAL DECIMAL CLASSIFICATION NUMBER
Universal Decimal Classification number 004
100 ## - Rafti
Rafti 31
101 ## - Shkurtesa
Shkurtesa SHKI
245 ## - TITLE STATEMENT
Title LINUX+
Statement of responsibility, etc JANG, M
942 ## - ADDED ENTRY ELEMENTS (KOHA)
Source of classification or shelving scheme
Item type Books

No items available.

UBT Library © 2015-2024. All rights reserved University Education for Business and Technology